| 000 | 00618nam a2200229Ia 4500 | ||
|---|---|---|---|
| 001 | 1327 | ||
| 003 | GE_BSU | ||
| 008 | 181216s||||||||xx |||||||||||||| ||und|| | ||
| 020 | _a5222038106 | ||
| 040 | _cGE_BSU | ||
| 080 | _a94(470)(075.8) | ||
| 100 | _aЦимбаев,Н.И. | ||
| 245 | _aИстория России XIX-начала XX века. | ||
| 245 | _bФилологическое общество "Слово | ||
| 260 | _aРостов на Дону | ||
| 260 | _c2004 | ||
| 300 | _a447стр. | ||
| 541 | _h12л. | ||
| 653 | _aИстория | ||
| 653 | _aИстория России | ||
| 942 | _cBK | ||
| 999 |
_c35468 _d35468 |
||